| 000 | 00624nam a2200229Ia 4500 | ||
|---|---|---|---|
| 003 | GCL | ||
| 008 | 140319s9999 xx 000 0 ara d | ||
| 040 |
_aGCL / _cGCL |
||
| 082 | 0 | 4 |
_a153.44 _bع ت |
| 100 | 1 | _aعبدالقادر الشيخلى | |
| 245 | 1 | 0 |
_aتنشيط سرعة البديهة / _cعبدالقادر الشيخلى |
| 260 |
_a[S.N] : _bدار الشروق ، _c1993 |
||
| 300 | _a71 | ||
| 490 | _a | ||
| 650 | 0 | 4 | _aعلم النفس |
| 650 | 0 | 4 | _aالذكاء |
| 650 | 0 | 4 | _aالمعرفة |
| 650 | 0 | 4 | _aالادراك |
| 650 | 0 | 4 | _aالحقيقة |
| 650 | 0 | 4 | _aالبديهة |
| 942 |
_2ddc _cBK |
||
| 999 |
_c32290 _d32290 |
||